000 00703nam a2200289Ia 4500
005 20260324121609.0
008 008 260324s9999 xx 000 0 eng d
020 _a9781315135731
037 _aEBOOK
040 _aCRL
040 _beng
040 _cCRL
041 _2eng
041 _aeng
084 _qCRL
100 _aHarry Redner
_91149274
245 0 _aTotalitarianism, Globalization, Colonialism
245 4 _bThe Destruction of Civilization Since 1914
260 _bTaylor and Francis
260 _c2014
365 _a
365 _b230
856 _uhttp://www.taylorfrancis.com/books/9781315135731
942 _cEBOOK
999 _c1755348
_d1755348